Countries Closest to Malaysia - 30 Second Sprint - Statistics

General Stats
  • This quiz has been taken 61 times
  • The average score is 10 of 20
Answer Stats
km country miles % Correct
0 Thailand 0
94%
0 Indonesia 0
92%
1 Singapore 1
86%
502 Cambodia 312
78%
390 Vietnam 242
78%
0 Brunei 0
74%
945 Laos 587
72%
1453 China 903
64%
405 Myanmar 252
64%
634 India 394
56%
53 Philippines 33
54%
1594 Timor-Leste 991
46%
2250 Australia 1398
42%
1983 Japan 1232
28%
1779 Bangladesh 1106
26%
1664 Taiwan 1034
24%
2411 Bhutan 1498
16%
1965 Sri Lanka 1221
16%
2537 Nepal 1577
12%
1339 Palau 832
4%
No matching quizzes found
Score Distribution
Percent of People with Each Score
Percentile by Number Answered
Your Score History
You have not taken this quiz